| 000 | 00000nam 2200000zi 4500 |
| 001 | 9.940591 |
| 003 | CaOODSP |
| 005 | 20240820082310 |
| 006 | m o d f |
| 007 | cr |n||||||||| |
| 008 | 240715s1981 onca o f000 0|fre d |
| 040 | |aCaOODSP|bfre|cCaOODSP|erda |
| 043 | |an-cn-on |
| 086 | 1 |aRE22-313/1981F-PDF |
| 245 | 02|aL'Est de l'Ontario : |bprogramme de développement. |
| 264 | 1|a[Ottawa] : |b[Expansion économique régionale], |c[1981] |
| 300 | |a1 ressource en ligne (10 pages non numérotées) : |billustrations en couleur |
| 336 | |atexte|btxt|2rdacontent/fre |
| 337 | |ainformatique|bc|2rdamedia/fre |
| 338 | |aressource en ligne|bcr|2rdacarrier/fre |
| 500 | |aÉdition numérisée de l'imprimé [par Innovation, Sciences et Développement économique Canada]. |
| 500 | |aPublié aussi en anglais sous le titre : Eastern Ontario development program. |
| 650 | 6|aProjets de développement économique|zCanada. |
| 650 | 6|aAide au développement économique régional|zOntario (Est) |
| 650 | 6|aRelations fédérales-provinciales (Canada)|zOntario (Est) |
| 650 | 6|aAménagement du territoire|zOntario (Est) |
| 651 | 6|aOntario (Est)|xPolitique économique. |
| 710 | 1 |aCanada. |bMinistère de l'expansion économique régionale, |eorganisme de publication. |
| 775 | 08|tEastern Ontario development program.|w(CaOODSP)9.924229 |
| 856 | 40|qPDF|s1.77 Mo|uhttps://publications.gc.ca/collections/collection_2024/isde-ised/re22/RE22-313-1981-fra.pdf |